Sports Quiz

Random Sports or WWE Quiz

Kenta Kobashi ****+ Partners & Opponents 1995-2008 Quiz Stats

 Plays Quiz not verified by Sporcle

Challenge
Share
Tweet
Embed
Score 0/159 Timer 15:00
0 Plays Today
Event Opponents & Partners % Correct
****½ AJPW Champion Carnival '96 Day 16 - 6 Man TagMitsuharu Misawa
90.7%
****½ AJPW Champion Carnival '97 Day 21 - SinglesMitsuharu Misawa
90.7%
****½ AJPW 25th Anniversary Show - SinglesMitsuharu Misawa
90.7%
***** AJPW 26th Anniversary Show - Triple Crown TitleMitsuharu Misawa
90.7%
****¾ AJPW Excite Series '99 Day 11 - World Tag TitlesMitsuharu Misawa
90.7%
***** AJPW Super Power Series '99 Day 14 - Triple Crown TitleMitsuharu Misawa
90.7%
****½ NOAH Navigate for Evolution '02 Day 10 - TagMitsuharu Misawa
90.7%
***** NOAH Navigate for Evolution '03 Day 9 - Heavyweight TitleMitsuharu Misawa
90.7%
****¼ NOAH Winter Navigation '07 Day 10 - TagMitsuharu Misawa
90.7%
****¾ AJPW Champion Carnival '96 Day 8 - SinglesMitsuharu Misawa
90.7%
**** AJPW New Year Giant Series '96 Day 17 - TagMitsuharu Misawa
90.7%
**** AJPW New Year Giant Series '96 Day 1 - 6 Man TagMitsuharu Misawa
90.7%
****¾ AJPW New Year Giant Series '97 Day 14 - Triple Crown TitleMitsuharu Misawa
90.7%
****¾ AJPW Real World Tag League '96 Day 6 - TagMitsuharu Misawa
90.7%
**** AJPW Super Power Series '97 Day 12 - 6 Man TagMitsuharu Misawa
90.7%
****½ AJPW Real World Tag League '97 Day 7 - TagMitsuharu Misawa
90.7%
***** AJPW October Giant Series '99 Day 11 - World Tag TitlesMitsuharu Misawa
90.7%
***** AJPW New Year Giant Series '95 Day 17 - World Tag TitlesMitsuharu Misawa
90.7%
***** AJPW Excite Series '95 Day 12 - World Tag TitlesMitsuharu Misawa
90.7%
****¾ Bridge Of Dreams ~ Dome Spring Full Bloom - 6 Man TagMitsuharu Misawa
90.7%
***** AJPW Super Power Series '95 Day 15 - World Tag TitlesMitsuharu Misawa
90.7%
***** AJPW Summer Action Series '95 Day 1 - 6 Man TagMitsuharu Misawa
90.7%
**** AJPW Summer Action Series '95 Day 8 - 6 Man TagMitsuharu Misawa
90.7%
****¼ AJPW October Giant Series '95 Day 1 - 6 Man TagMitsuharu Misawa
90.7%
****¾ AJPW Real World Tag League '95 Day 16 - TagMitsuharu Misawa
90.7%
**** AJPW 23rd Anniversary Show - Triple Crown TitleMitsuharu Misawa
90.7%
****½ AJPW Excite Series '96 Day 11 - World Tag TitlesAkira Taue
83.6%
****¼ AJPW Summer Action Series '96 Day 18 - Triple Crown TitleAkira Taue
83.6%
****¼ AJPW Summer Action Series II '98 Day 15 - Triple Crown TitleAkira Taue
83.6%
****¼ AJPW October Giant Series '97 Day 11 - TagAkira Taue
83.6%
****¾ AJPW Super Power Series '97 Day 9 - World Tag TitlesAkira Taue
83.6%
**** AJPW Real World Tag League '97 Day 10 - TagAkira Taue
83.6%
****½ AJPW New Year Giant Series '99 Day 5 - World Tag TitlesAkira Taue
83.6%
***** AJPW New Year Giant Series '95 Day 17 - World Tag TitlesAkira Taue
83.6%
****¾ Bridge Of Dreams ~ Dome Spring Full Bloom - 6 Man TagAkira Taue
83.6%
***** AJPW Super Power Series '95 Day 15 - World Tag TitlesAkira Taue
83.6%
***** AJPW Summer Action Series '95 Day 1 - 6 Man TagAkira Taue
83.6%
****¼ AJPW October Giant Series '95 Day 1 - 6 Man TagAkira Taue
83.6%
****¾ AJPW Real World Tag League '95 Day 16 - TagAkira Taue
83.6%
****½ AJPW Excite Series '96 Day 11 - World Tag TitlesToshiaki Kawada
80%
****½ AJPW Champion Carnival '96 Day 16 - 6 Man TagToshiaki Kawada
80%
**** AJPW 24th Anniversary Show - Triple Crown TitleToshiaki Kawada
80%
**** AJPW Super Power Series '98 Day 14 - Triple Crown TitleToshiaki Kawada
80%
****½ AJPW New Year Giant Series '00 Day 12 - SinglesToshiaki Kawada
80%
****¼ AJPW October Giant Series '97 Day 11 - TagToshiaki Kawada
80%
****¾ AJPW Super Power Series '97 Day 9 - World Tag TitlesToshiaki Kawada
80%
**** AJPW Real World Tag League '97 Day 10 - TagToshiaki Kawada
80%
****½ AJPW New Year Giant Series '99 Day 5 - World Tag TitlesToshiaki Kawada
80%
***** AJPW New Year Giant Series '95 Day 17 - World Tag TitlesToshiaki Kawada
80%
****¾ Bridge Of Dreams ~ Dome Spring Full Bloom - 6 Man TagToshiaki Kawada
80%
****½ AJPW Champion Carnival '95 Day 18 - SinglesToshiaki Kawada
80%
***** AJPW Super Power Series '95 Day 15 - World Tag TitlesToshiaki Kawada
80%
***** AJPW Summer Action Series '95 Day 1 - 6 Man TagToshiaki Kawada
80%
Event Opponents & Partners % Correct
**** AJPW Summer Action Series '95 Day 8 - 6 Man TagToshiaki Kawada
80%
****¼ AJPW October Giant Series '95 Day 1 - 6 Man TagToshiaki Kawada
80%
****¾ AJPW Real World Tag League '95 Day 16 - TagToshiaki Kawada
80%
****½ AJPW Excite Series '96 Day 11 - World Tag TitlesJun Akiyama
75.7%
****½ AJPW Budokan Hall Show 04/20/96 - 6 Man TagJun Akiyama
75.7%
****½ AJPW Summer Action Series '98 Day 15 - Triple Crown TitleJun Akiyama
75.7%
****¾ AJPW Excite Series '99 Day 11 - World Tag TitlesJun Akiyama
75.7%
****¼ NOAH Grand Voyage - SinglesJun Akiyama
75.7%
****½ NOAH Navigate for Evolution '02 Day 10 - TagJun Akiyama
75.7%
****¼ NOAH Navigation Against the Current '02 Day 11 - Tag TitlesJun Akiyama
75.7%
****¼ NOAH Navigation With Breeze '03 Day 17 - Tag TitlesJun Akiyama
75.7%
**** NOAH Navigation over the Date Line '03 Day 1 - 8 Man TagJun Akiyama
75.7%
***** NOAH Departure '04 - Heavyweight TitleJun Akiyama
75.7%
****¼ NOAH Encountering Navigation '05 Day 15 - TagJun Akiyama
75.7%
****¼ NOAH Winter Navigation '07 Day 10 - TagJun Akiyama
75.7%
**** AJPW New Year Giant Series '96 Day 17 - TagJun Akiyama
75.7%
****½ AJPW Champion Carnival '96 Day 16 - 6 Man TagJun Akiyama
75.7%
****¼ AJPW Champion Carnival '97 Day 8 - SinglesJun Akiyama
75.7%
****¾ AJPW Real World Tag League '96 Day 6 - TagJun Akiyama
75.7%
****½ AJPW Real World Tag League '97 Day 7 - TagJun Akiyama
75.7%
****½ AJPW New Year Giant Series '99 Day 5 - World Tag TitlesJun Akiyama
75.7%
****¼ AJPW Champion Carnival '99 Day 9 - SinglesJun Akiyama
75.7%
****½ AJPW October Giant Series '99 Day 17 - World Tag TitlesJun Akiyama
75.7%
***** AJPW October Giant Series '99 Day 11 - World Tag TitlesJun Akiyama
75.7%
****¼ AJPW Excite Series '00 Day 6 - World Tag TitlesJun Akiyama
75.7%
****¼ AJPW Champion Carnival '95 Day 9 - SinglesJun Akiyama
75.7%
**** AJPW Summer Action Series '95 Day 8 - 6 Man TagJun Akiyama
75.7%
**** AJPW Super Power Series '97 Day 12 - 6 Man TagSteve Williams
74.3%
****¼ AJPW Excite Series '00 Day 6 - World Tag TitlesSteve Williams
74.3%
***** AJPW Excite Series '95 Day 12 - World Tag TitlesSteve Williams
74.3%
***** ROH ______ Vs. Kobashi - SinglesSamoa Joe
72.9%
**** ROH Unforgettable - TagSamoa Joe
72.9%
**** NOAH Navigation over the Date Line '03 Day 1 - 8 Man TagKENTA
71.4%
**** NOAH Navigation, Uprising Spirit '04 Day 10 - TagKENTA
71.4%
****¼ - NOAH Great Voyage '08 - TagKENTA
71.4%
****¼ AJPW Summer Action Series II '96 Day 14 - Triple Crown TitleStan Hansen
70%
****¾ Bridge Of Dreams ~ Dome Spring Full Bloom - 6 Man TagStan Hansen
70%
****½ AJPW Champion Carnival '96 Day 16 - 6 Man TagJohnnny Ace
69.3%
**** AJPW New Year Giant Series '96 Day 1 - 6 Man TagJohnnny Ace
69.3%
****¼ AJPW October Giant Series '97 Day 11 - TagJohnnny Ace
69.3%
****¾ AJPW Super Power Series '97 Day 9 - World Tag TitlesJohnnny Ace
69.3%
**** AJPW Real World Tag League '97 Day 10 - TagJohnnny Ace
69.3%
****½ AJPW Real World Tag League '97 Day 7 - TagJohnnny Ace
69.3%
***** AJPW Excite Series '95 Day 12 - World Tag TitlesJohnnny Ace
69.3%
****¾ Bridge Of Dreams ~ Dome Spring Full Bloom - 6 Man TagJohnnny Ace
69.3%
**** AJPW Super Power Series '95 Day 15 - SinglesJohnnny Ace
69.3%
**** AJPW Champion Carnival '99 Day 17 - SinglesVader
59.3%
****¼ AJPW New Year Giant Series '99 Day 11 - SinglesVader
59.3%
**** AJPW Champion Carnival '99 Day 12 - SinglesVader
59.3%
****¼ AJPW Excite Series '00 Day 6 - World Tag TitlesVader
59.3%
**** NOAH Navigation over the Date Line '03 Day 1 - 8 Man TagNaomichi Marufuji
57.1%
**** NOAH Spring Navigation '06 Day 13 - SinglesNaomichi Marufuji
57.1%
**** AJPW New Year Giant Series '96 Day 17 - TagGiant Baba
51.4%
Event Opponents & Partners % Correct
****¾ NOAH Destiny - SinglesKensuke Sasaki
47.9%
****¾ NOAH 3rd Great Voyage '05 - TagKensuke Sasaki
47.9%
****¼ - NOAH Great Voyage '08 - TagKensuke Sasaki
47.9%
****¾ AJPW Excite Series '99 Day 11 - World Tag TitlesYoshinari Ogawa
43.6%
**** NOAH Navigation, Uprising Spirit '04 Day 10 - TagYoshinari Ogawa
43.6%
***** AJPW October Giant Series '99 Day 11 - World Tag TitlesYoshinari Ogawa
43.6%
**** AJPW Summer Action Series '95 Day 8 - 6 Man TagYoshinari Ogawa
43.6%
****¼ NOAH Encountering Navigation '05 Day 15 - TagGenichiro Tenryu
41.4%
****½ NOAH Encountering Navigation '04 Day 14 - Heavyweight TitleYoshihiro Takayama
40.7%
****¼ NOAH Winter Navigation '07 Day 10 - TagYoshihiro Takayama
40.7%
****½ AJPW October Giant Series '99 Day 17 - World Tag TitlesYoshihiro Takayama
40.7%
****¼ NOAH Encountering Navigation '03 Day 16 - Heavyweight TitleTamon Honda
38.6%
****¼ NOAH Navigation With Breeze '03 Day 17 - Tag TitlesTamon Honda
38.6%
**** NOAH Navigation over the Date Line '03 Day 1 - 8 Man TagTamon Honda
38.6%
**** NOAH Navigation, Uprising Spirit '03 Day 11 - Tag TitlesTamon Honda
38.6%
**** NOAH Navigate for Evolution '04 Day 1 - 6 Man TagTamon Honda
38.6%
**** NOAH Navigate for Evolution '04 Day 1 - 6 Man TagTamon Honda
38.6%
***** AJPW Summer Action Series '95 Day 1 - 6 Man TagTamon Honda
38.6%
****½ NOAH Navigate for Evolution '02 Day 10 - TagYuji Nagata
36.4%
****½ NOAH Navigation over the Date Line '03 Day 13 - Heavyweight TitleYuji Nagata
36.4%
**** NOAH Navigation, Uprising Spirit '03 Day 11 - Tag TitlesYuji Nagata
36.4%
**** AJPW Summer Action Series '95 Day 8 - 6 Man TagTsuyoshi Kikuchi
35.7%
**** NOAH Navigation, Uprising Spirit '03 Day 11 - Tag TitlesHiroshi Tanahashi
35%
****¼ NOAH Encountering Navigation '05 Day 15 - TagGo Shiozaki
35%
****¾ NOAH 3rd Great Voyage '05 - TagGo Shiozaki
35%
****¾ NOAH 3rd Great Voyage '05 - TagKatsuhiko Nakajima
35%
****¼ - NOAH Great Voyage '08 - TagKatsuhiko Nakajima
35%
**** ROH Unforgettable - TagLow Ki
31.4%
**** ROH Unforgettable - TagHomicide
30%
**** NOAH Navigation over the Date Line '03 Day 1 - 8 Man TagMakoto Hashi
29.3%
**** NOAH Navigate for Evolution '04 Day 1 - 6 Man TagMakoto Hashi
29.3%
****½ AJPW October Giant Series '99 Day 17 - World Tag TitlesTakao Omori
29.3%
****¼ NOAH Navigation Against the Current '02 Day 11 - Tag TitlesAkitoshi Saito
28.6%
****¼ NOAH Navigation With Breeze '03 Day 17 - Tag TitlesAkitoshi Saito
28.6%
**** NOAH Navigation over the Date Line '03 Day 1 - 8 Man TagAkitoshi Saito
28.6%
**** NOAH Navigation Against the Current '04 Day 10 - Heavyweight TitleAkitoshi Saito
28.6%
**** AJPW Summer Action Series II '97 Day 8 - SinglesHiroshi Hase
28.6%
**** NOAH Navigation over the Date Line '03 Day 1 - 8 Man TagYoshinobu Kanemaru
27.9%
**** NOAH Navigate for Evolution '04 Day 1 - 6 Man TagTakeshi Rikio
27.9%
**** NOAH Navigation, Uprising Spirit '04 Day 10 - TagTakeshi Rikio
27.9%
****½ AJPW Champion Carnival '96 Day 16 - 6 Man TagGary Albright
22.9%
**** AJPW New Year Giant Series '96 Day 1 - 6 Man TagThe Patriot
22.9%
****¾ AJPW Real World Tag League '96 Day 6 - TagThe Patriot
22.9%
**** AJPW New Year Giant Series '96 Day 1 - 6 Man TagThe Eagle
17.9%
**** AJPW New Year Giant Series '96 Day 1 - 6 Man TagSatoru Asako
16.4%
***** AJPW Summer Action Series '95 Day 1 - 6 Man TagSatoru Asako
16.4%
****¼ AJPW October Giant Series '95 Day 1 - 6 Man TagSatoru Asako
16.4%
****¼ NOAH Navigation Against the Current '02 Day 11 - Tag TitlesKentaro Shiga
15%
**** AJPW Super Power Series '97 Day 12 - 6 Man TagKentaro Shiga
15%
**** AJPW Super Power Series '97 Day 12 - 6 Man TagRichard Slinger
12.1%
****¼ AJPW October Giant Series '95 Day 1 - 6 Man TagRyukaku Izumida
11.4%
**** NOAH Navigate for Evolution '04 Day 1 - 6 Man TagTakuma Sano
10.7%
**** AJPW Super Power Series '97 Day 12 - 6 Man TagLacrosse
9.3%

You're not logged in!

Compare scores with friends on all Sporcle quizzes.
Join for Free
OR
Log In

You Might Also Like...

Show Comments

Extras

Top Quizzes Today


Score Distribution

Your Account Isn't Verified!

In order to create a playlist on Sporcle, you need to verify the email address you used during registration. Go to your Sporcle Settings to finish the process.

Report this User

Report this user for behavior that violates our Community Guidelines.

Details: